000 00839nam a22001337a 4500
999 _c524536
_d524536
008 231218b ||||| |||| 00| 0 eng d
245 _aIndia’s industry sector
260 _aYojana
300 _a67(12), Dec, 2023: p.43-51
520 _aNational logistics policy lays down an overarching interdisciplinary, cross-sectoral, multi-jurisdictional, and comprehensive policy framework for the logistics sector. The policy comprehensive the PM Gatishakti national master plan. While PM Gatishakti national master plan is amide at integrated infrastructure development, the national logistics policy is envisaged to bring efficiency to logistics services and human resources through streamlining process and the adoption of suitable technologies. – Reproduced
773 _aYojana
906 _aINDUSTRIAL DEVELOPMENT
942 _cAR